Change Management (Record no. 2722)

MARC details
000 -LEADER
fixed length control field 00384nam a22001697a 4500
005 - DATE AND TIME OF LATEST TRANSACTION
control field 20160615092821.0
008 - FIXED-LENGTH DATA ELEMENTS--GENERAL INFORMATION
fixed length control field 160615b xxu||||| |||| 00| 0 eng d
020 ## - INTERNATIONAL STANDARD BOOK NUMBER
ISBN 81-7929-096-4
041 ## - LANGUAGE CODE
Language code of text/sound track or separate title eng
082 ## - DEWEY DECIMAL CLASSIFICATION NUMBER
Item number 7621
100 ## - MAIN ENTRY--AUTHOR NAME
Personal name Brown, Brian B
245 ## - TITLE STATEMENT
Title Change Management
260 ## - PUBLICATION, DISTRIBUTION, ETC. (IMPRINT)
Name of publisher Infinity Book
Year of publication 2005
300 ## - PHYSICAL DESCRIPTION
Number of Pages 104
650 ## - SUBJECT ADDED ENTRY--TOPICAL TERM
Topical Term Management
942 ## - ADDED ENTRY ELEMENTS (KOHA)
Koha item type Books
Holdings
Lost status Damaged status Collection code Home library Current library Shelving location Date acquired Source of acquisition Cost, normal purchase price Full call number Accession Number Koha item type
    MANAGEMENT JRU Library JRU Library SHELF- 66 N 15/06/2016 PURCHASE 100.00 658.406 7621 Books
      JRU Library JRU Library SHELF-40-J 15/06/2016   100.00 658.406 7622 Books
    MANAGEMENT JRU Library JRU Library SHELF- 66 N 15/06/2016 PURCHASE 100.00 658.406 7623 Books